LIBRARY & INFORMATION CENTRE, KCAET, TAVANUR

ONLINE PUBLIC ACCESS CATALOGUE (OPAC)

Structral engineering handbook / (Record no. 2750)

MARC details
000 -LEADER
fixed length control field 00378cam a2200145ua 4500
020 ## - INTERNATIONAL STANDARD BOOK NUMBER
ISBN 0-07-023123-0
082 ## - DEWEY DECIMAL CLASSIFICATION NUMBER
Classification number 624.1
Item number GAY/ST
100 ## - MAIN ENTRY--AUTHOR NAME
Personal name Gaylord, Edwin H .
245 00 - TITLE STATEMENT
Title Structral engineering handbook /
250 ## - EDITION STATEMENT
Edition statement 2 /
260 ## - PUBLICATION, DISTRIBUTION, ETC. (IMPRINT)
Place of publication New York :
Name of publisher McGraw Hill Book Company ,
Year of publication 1979.
300 ## - PHYSICAL DESCRIPTION
Number of Pages 1350 ; .
700 1# - ADDED ENTRY--PERSONAL NAME
Personal name Gaylord , Charles N .
942 ## - ADDED ENTRY ELEMENTS (KOHA)
Koha item type Books
Holdings
Withdrawn status Lost status Damaged status Home library Current library Date acquired Full call number Accession Number Koha item type
      KAUAET KAUAET 07/04/2012 028.71624 16792 Reference
free website counter